|
|
|
|
| LEADER |
00000nam0a2200000 4500 |
| 001 |
375937 |
| 005 |
20231102012759.0 |
| 035 |
|
|
|a (RuTPU)RU\TPU\retro\33376
|
| 035 |
|
|
|a RU\TPU\book\312996
|
| 090 |
|
|
|a 375937
|
| 100 |
|
|
|a 20221221d1979 m y0rusy50 ca
|
| 101 |
0 |
|
|a rus
|
| 102 |
|
|
|a RU
|
| 105 |
|
|
|a c z 000ay
|
| 200 |
1 |
|
|a Была война...
|e повести
|e рассказы
|e записки
|f Е. М. Ржевская
|g под ред. М. В. Ивановой
|
| 210 |
|
|
|a Москва
|c Советский писатель
|d 1979
|
| 215 |
|
|
|a 639 с.
|c портр.
|
| 606 |
1 |
|
|a Русская литература современная
|2 stltpush
|3 (RuTPU)RU\TPU\subj\26373
|9 50316
|
| 610 |
1 |
|
|a художественная литература
|
| 610 |
1 |
|
|a повести
|
| 610 |
1 |
|
|a рассказы
|
| 610 |
1 |
|
|a записки
|
| 610 |
1 |
|
|a Великая Отечественная война 1941-1945
|
| 610 |
1 |
|
|a переводчики
|
| 610 |
1 |
|
|a фронт
|
| 610 |
1 |
|
|a победа
|
| 610 |
1 |
|
|a военная проза
|
| 675 |
|
|
|a Р2
|v 4
|
| 700 |
|
1 |
|a Ржевская
|b Е. М.
|c русская писательница
|f 1919-
|g Елена Моисеевна
|2 stltpush
|3 (RuTPU)RU\TPU\pers\11894
|4 070
|9 3003
|
| 702 |
|
1 |
|a Иванова
|b М. В.
|4 340
|
| 801 |
|
1 |
|a RU
|b 63413507
|c 20150325
|
| 801 |
|
2 |
|a RU
|b 63413507
|c 20221221
|g RCR
|
| 942 |
|
|
|c BK
|